Teacher and education in the Emerging Indian Society : volume-II
| Main Author: | |
|---|---|
| Format: | Book |
| Published: |
New Delhi :
Neelkamal Pub. Pvt. Ltd ,
2007
|
| Subjects: |
MARC
| LEADER | 00000cam a2200000 7i4500 | ||
|---|---|---|---|
| 001 | 0000037720 | ||
| 005 | 20131011.0 | ||
| 008 | 131011 | ||
| 020 | |a 8186804595 | ||
| 090 | 0 | 0 | |a 371.1007134 |b DAS |
| 100 | 1 | |a Dash, Biranchi Narayan | |
| 245 | 1 | 0 | |a Teacher and education in the Emerging Indian Society : |b volume-II |c Biranchi Narayan Dash |
| 260 | |a New Delhi : |b Neelkamal Pub. Pvt. Ltd , |c 2007 | ||
| 650 | 0 | |a Education |z India | |
| 650 | 0 | |a Teachers and community |z India | |
| 650 | 0 | |a Teacher |z India | |
| 999 | |a 0001243904 |b Book |c Adult Collection |e Perbadanan Perpustakaan Awam Johor | ||